| 000 | 01571nam a2200205Ia 4500 | ||
|---|---|---|---|
| 003 | Ost | ||
| 005 | 20260507075804.0 | ||
| 008 | 260507s9999||||xx |||||||||||||| ||und|| | ||
| 040 | _cfsecg | ||
| 041 | _aara | ||
| 100 |
_aأبو زيد، حامد الدسوقي _eمؤلف |
||
| 245 | 0 |
_aإدارة البنوك (ك20) الجزء الثاني / _c حامد الدسوقي أبو زيد |
|
| 260 |
_aالقاهرة: _bمطبعة مركز التعليم المفتوح, _c1994 |
||
| 300 |
_a323 صفحة؛ _bإيضاحات ؛ _c24 سم |
||
| 504 | _aمراجع ص.316 | ||
| 520 | _aبيئة العمل الداخلية للبنك و تاثيرها على الاداء و التوزيع لخدماته، البيئة الخارجية للبنك و تاثيرها على الاداء و التوزيع للخدمات المقدمة للعملاء، كيفية الوقوف على تاثير البيئة على عمليات البنك، تخطيط أعمال البنك، تنظيم أعمال البنك، توجيه مقدمي الخدمات البنكية، الرقابة على الاداء العام للبنك، الرقابة على الخدمة البنكية، التطبيق العملي للرقابة على الاداء العام للبنك، قياس واستخدام تكلفة مصادر التمويل في البنك، ربحية البنك، سيولة وأمان عمليات البنك، مدى ملاءمة رأس مال البنوك، رياضيات البنوك. | ||
| 653 | _aالبنوك | ||
| 653 | _aالرقابة | ||
| 942 | _cكتاب | ||
| 999 |
_c46375 _d46375 |
||